The school law of Illinois ... (Record no. 21001)
[ view plain ]
| 000 -LEADER | |
|---|---|
| fixed length control field | 00846cam a22002171 4500 |
| 001 - CONTROL NUMBER | |
| control field | e 29000370 |
| 003 - CONTROL NUMBER IDENTIFIER | |
| control field | DLC |
| 005 - DATE AND TIME OF LATEST TRANSACTION | |
| control field | 20260227111219.0 |
| 008 - FIXED-LENGTH DATA ELEMENTS--GENERAL INFORMATION | |
| fixed length control field | 880108s1929 ilu l 000 0 eng c |
| 010 ## - LIBRARY OF CONGRESS CONTROL NUMBER | |
| LC control number | e 29000370 |
| 035 ## - SYSTEM CONTROL NUMBER | |
| System control number | (OCoLC)17318529 |
| 040 ## - CATALOGING SOURCE | |
| Original cataloging agency | U.S. Off. of Educ. Library |
| Transcribing agency | CLU |
| Modifying agency | DLC |
| 042 ## - AUTHENTICATION CODE | |
| Authentication code | premarc |
| 050 00 - LIBRARY OF CONGRESS CALL NUMBER | |
| Classification number | L142 |
| Item number | .B35 no. 236 |
| 110 1# - MAIN ENTRY--CORPORATE NAME | |
| Corporate name or jurisdiction name as entry element | Illinois. |
| Form subheading | Laws, statutes, etc. |
| 245 14 - TITLE STATEMENT | |
| Title | The school law of Illinois ... |
| Statement of responsibility, etc. | Issued by Francis G. Blair, Superintendent of Public Instruction. Enacted by the Fifty-sixth General Assembly. <Printed by authority of the State of Illinois.> |
| 260 ## - PUBLICATION, DISTRIBUTION, ETC. | |
| Place of publication, distribution, etc. | [Springfield, |
| Name of publisher, distributor, etc. | Jeffersons Printing & Stationery Co., |
| Date of publication, distribution, etc. | 1929] |
| 300 ## - PHYSICAL DESCRIPTION | |
| Extent | 61 p. |
| Dimensions | 23 cm. |
| 490 0# - SERIES STATEMENT | |
| Series statement | [Illinois. Dept. of Public Instruction] Circular |
| Volume/sequential designation | no. 236 |
| 650 #0 - SUBJECT ADDED ENTRY--TOPICAL TERM | |
| Topical term or geographic name entry element | Educational law and legislation |
| Geographic subdivision | Illinois. |
No items available.